Scooby-Doo or Nintendo Villain? Quiz Stats

 Plays Quiz Updated Jul 12, 2015

Challenge
Share
Tweet
Embed
Score 0/20 Timer 02:00
0 Plays Today
Villain's Name (S)cooby-Doo or (N)intendo % Correct
Bowser???
89.3%
Lake Monster???
88.6%
Ganondorf???
85.4%
Old Iron Face???
84.8%
King Boo???
84.8%
Majora???
84%
Ape Man???
82.6%
Miner Forty-Niner???
81.6%
10,000 Volt Ghost???
81.3%
Andross???
80.1%
Villain's Name (S)cooby-Doo or (N)intendo % Correct
Giygas???
79.3%
Creeper???
76.5%
Kraid???
75.9%
Puppetmaster???
72%
Ridley???
71.1%
Professor Pericles???
68.4%
Phantom Virus???
68.1%
Ben Ravencroft???
64.7%
Samurai Goroh???
59.4%
Medusa???
55.5%

You're not logged in!

Compare scores with friends on all Sporcle quizzes.
OR
Log In

You Might Also Like...

Show Comments

Extras

Top Quizzes Today


Score Distribution

Your Account Isn't Verified!

In order to create a playlist on Sporcle, you need to verify the email address you used during registration. Go to your Sporcle Settings to finish the process.

Report this User

Report this user for behavior that violates our Community Guidelines.

Details: